00302nam a2200109Ia 4500008004100000020001800041082001400059100002500073245006600098260001300164500001500177260604s9999 xx 000 0 und d a9783031552137 a158.1 GER aGERMAIN [MARIE-LINE] 0aPSYCHOPATHY IN THE WORKPLACE: COPING STRATEGIES FOR EMPLOYEES bSPRINGER aPsychology